000 00573nam a2200181Ia 4500
008 100920s9999 xx 000 0 und d
082 _b104499
_a891.43 न 08
100 _aचुग कृष्णकुमार.
245 _aपहला प्यार.
260 _bकृष्णा पब्लिकेशन,दिल्ली.
_c2008
300 _a80
_bसाधी
365 _b100
520 _aहिंदी.
630 _aपहला प्यार.
650 _aहिंदी.
730 _aपहला प्यार.
942 _cBOOK
999 _c744931
_d744928